banner-ar

تاريخ الصين القديم : (Record no. 60438)

MARC details
000 -الفاتح
حقل البيانات ثابتة الطول 01225nam a22002897a 4500
005 - وقت وتاريخ اخر تعامل مع التسجيلة
رقم الضبط 20240530110410.0
008 - عناصر البيانات ثابتة الطول - معلومات عامة
حقل البيانات ثابتة الطول 150214s2010 ua of a 000 0 ara d
017 ## - رقم الايداع القانونى
رقم الايداع القانونى 2007/20686
المصدر ( الهيئة المختصة) مصر . دار الكتب المصرية
020 ## - الرقم الدولى المعيارى للكتب
الرقم الدولى المعيارى للكتاب 977144140x
040 ## - مصدر الفهرسة
وكالة الفهرسة الأصلية EG-CaGPL
041 1# - رمز اللغة
رمز لغة النص/ المسارات الصوتية أو العنوان الانفرادي ara
رمز لغة الترجمات و/او الاصلية المتوسطة للنص eng
082 04 - رقم تصنيف ديوى العشرى
رقم الطبعة 21
رقم التصنيف 903
رقم المادة ط/ن ن
100 1# - المدخل الرئيسى - إسم شخصى
الإسم الشخصى بول ، جاكلين
245 10 - بيان العنوان
العنوان تاريخ الصين القديم :
بقية العنوان علم الاثار يزيح الستار عن اسرار ماضى الصين /
بيان المسئوليه,etc تاليف جاكلين بول ، ريتشارد ليفى ؛ ترجمة محمد على النقراشى
250 ## - بيان الطبعة
بيان الطبعة ط2
260 ## - PUBLICATION, DISTRIBUTION, ETC. (IMPRINT)
تاريخ النشر أو التوزيع 2010
300 ## - الوصف المادى
التعداد 62 ص :
تفاصيل ماديه اخرى للوعاء صور ؛
أبعاد الوعاء 24 سم
490 0# - بيان السلسلة
عنوان السلسلة ناشونال جيوجرافيك تبحث فى
650 04 - المدخل الاضافى بالموضوع-مصطلح موضوعى
مصطلح موضوعي الاجناس ، علم
650 04 - المدخل الاضافى بالموضوع-مصطلح موضوعى
مصطلح موضوعي الاثار
التقسيم الفرعي العام التنقيب عن
650 04 - المدخل الاضافى بالموضوع-مصطلح موضوعى
مصطلح موضوعي العمارة القديمة
651 04 - المدخل الاضافى بالموضوع - اسم جغرافى
الاسم الجغرافي الصين القديمة
التقسيم الفرعي العام تاريخ
700 ## - المدخل الاضافى - اسم شخصى
الإسم الشخصى ريتشارد ليفى
الدور مؤلف مشارك
700 ## - المدخل الاضافى - اسم شخصى
الإسم الشخصى محمد على النقراشى
الدور مترجم
942 ## - عناصر المدخل الإضافي( كوها)
مصدر التصنيف او مخطط الترفيف Dewey Decimal Classification
Koha [default] item type كتاب
260 ## - PUBLICATION, DISTRIBUTION, ETC. (IMPRINT)
-- القاهرة :
-- نهضة مصر للطباعة و النشر و التوزيع ،
Holdings
حالة التراجع حالة الفقد حالة تلف ليس للاعارة المكان المؤقت الموقع الحالى تاريخ الاكتساب اجمالي اﻻعارات رقم الطلب الباركود تاريخ اخر مشاهدة تاريخ تفعيل السعر نوع وعاء كوها
        مكتبة القاهرة الكبرى مكتبة القاهرة الكبرى 02/14/2015   903 ط/ن ن 159487 02/14/2015 02/14/2015 كتاب

Powered By

EGPV